000 00548nam a2200169Ia 4500
003 GCL
008 140319s9999 xx 000 0 ara d
040 _aGCL /
_cGCL
082 0 4 _a214.15
_bع ق
100 1 _aعبدالوهاب حموده
245 1 0 _aالقران وعلم النفس (هدية من الاديب عبدالفتاح الجمل) /
_cعبدالوهاب حموده
300 _a117 ص
490 _aالمكتبة الثقافية
_v0
650 0 4 _aالاسلام وعلم النفس
650 0 4 _aالقران
942 _2ddc
_cBK
999 _c47205
_d47205